| 000 | 00000nam##2200000za#4500 |
| 001 | 9.648357 |
| 003 | CaOODSP |
| 005 | 20200330101901 |
| 007 | ta |
| 008 | 150407|2001||||xxc||||| f|0| 0 eng|d |
| 020 | |a0-662-31140-X |
| 040 | |aCaOODSP|beng |
| 043 | |an-cn--- |
| 086 | 1 |aSW21-85/2001E |
| 110 | 1 |aCanada. |bStatus of Women Canada. |
| 245 | 10|aFirst Nations women, governance and the Indian Act : |ba collection of policy research reports / |cby Judith F. Sayers et al. |
| 260 | |aOttawa - Ontario : |bStatus of Women Canada |c2001. |
| 300 | |a166p. : |c28 cm. |
| 504 | |aBibliography. |
| 563 | |aSoftcover |
| 590 | |a01-48|b2001-11-30 |
| 690 | 07|aIndigenous peoples|2gcpds |
| 690 | 07|aWomen|2gcpds |
| 690 | 07|aResearch|2gcpds |
| 690 | 07|aPolicy|2gcpds |
| 690 | 07|aGuidelines|2gcpds |
| 720 | 1 |aSayers, Judith F. |
| 775 | 08|tLes femmes des Premières nations, la gouvernance et la Loi sur les Indiens : |w(CaOODSP)9.681664 |
| 776 | 0#|tFirst Nations women, governance and the Indian Act : |w(CaOODSP)9.688463 |